000 00472nam a2200169Ia 4500
003 OSt
005 20201119102547.0
008 190216s9999||||xx |||||||||||||| ||und||
040 _coclc
082 _a920
_bSAN/A
100 _aSanu, M K
_96752
245 0 _aAsthamikkatha Velicham /
_cM K Sanu
260 _bPoorna Publications,
_aKozhikode:
_c1989.
300 _a152p
650 _aJeeva Charithram
942 _cBK
_2ddc
_h920
_iSAN/A
_k920
_mSAN/A
999 _c26944
_d26944